[Event "Dhaka Chowdhury Memorial op-B 2nd"]
[Site "Dhaka"]
[Date "2022.07.06"]
[Round "7"]
[White "Bhuiyan, Golam Mostafa"]
[Black "Md Faizul, Haque"]
[Result "1-0"]
[WhiteElo "1954"]
[BlackElo "1775"]
[PlyCount "57"]
[EventDate "2022.07.02"]
[EventType "swiss"]
[EventRounds "9"]
[EventCountry "BAN"]
[SourceTitle "EXT 2023"]
[Source "ChessBase"]
[SourceDate "2022.10.05"]
[SourceVersion "1"]
[SourceVersionDate "2022.10.05"]
[SourceQuality "1"]

1. d4 d5 2. c4 Nf6 3. Nf3 e6 4. g3 c6 5. Bg2 Be7 6. 0-0 0-0 7. Qc2 h6 8. Nbd2 Na6 9. b3 Nb4 10. Qb1 Na6 11. Bb2 b6 12. Rd1 Bb7 13. Ne5 Bd6 14. e4 Bxe5 15. dxe5 Nd7 16. f4 b5 17. Kh1 Nb6 18. Qc2 Qe7 19. f5 Nb4 20. Qc3 d4 21. Qxd4 Nc2 22. f6 Qc7 23. Qf2 Nxa1 24. fxg7 Kxg7 25. Nf1 Qe7 26. Ne3 Rfd8 27. Rxa1 bxc4 28. h4 Rh8 29. Rf1 1-0

[Event "Dhaka IRT U2000"]
[Site "Dhaka"]
[Date "2018.02.20"]
[Round "7"]
[White "Mofakkhar Hossain Khan, Khali"]
[Black "Md Faizul, Haque"]
[Result "0-1"]
[WhiteElo "1717"]
[BlackElo "1796"]
[PlyCount "54"]
[EventDate "2018.02.14"]
[EventType "swiss"]
[EventRounds "9"]
[EventCountry "BAN"]
[SourceTitle "EXT 2024"]
[Source "ChessBase"]
[SourceDate "2023.10.10"]
[SourceVersion "1"]
[SourceVersionDate "2023.10.10"]
[SourceQuality "1"]

1. e4 c5 2. Nf3 Nc6 3. Nc3 e6 4. d3 h6 5. Bf4 a6 6. a3 Be7 7. d4 cxd4 8. Nxd4 d6 9. Bg3 e5 10. Nf3 Nf6 11. Bd3 Bg4 12. Be2 0-0 13. 0-0 Re8 14. b4 Rc8 15. Qd2 Bxf3 16. Bxf3 Nd4 17. Rac1 Qd7 18. Ne2 Nxf3+ 19. gxf3 Qh3 20. Qe3 g5 21. c4 Nh5 22. Rc3 Nf4 23. Bxf4 gxf4 24. Nxf4 exf4 25. Qxf4 Kh8 26. Qg3 Rg8 27. f4 Rxg3+ 0-1